|
|
|
|
| LEADER |
00000nam a2200000 a 4500 |
| 001 |
vtls001218977 |
| 003 |
SK-MaSNL |
| 005 |
20260301194805.0 |
| 008 |
240318s1996 xo a r slo |
| 015 |
|
|
|a SNBA1996/1002732
|
| 020 |
|
|
|a 800801959X
|
| 035 |
|
|
|a SNK000162888
|
| 035 |
|
|
|a urn:nbn:sk:snk-amk589
|
| 035 |
|
|
|a urn:nbn:sk:snk-am004zuz
|
| 035 |
|
|
|a 5EEE8302-6B5F-439B-A997-84830FE4520A
|
| 040 |
|
|
|a SNK
|b slo
|c SNK
|e AACR2
|
| 041 |
0 |
|
|a slo
|
| 044 |
|
|
|a xo
|c SK
|
| 080 |
|
|
|a 372.882(075.2)
|2 1981
|
| 080 |
|
|
|a 82:37
|2 1981
|
| 100 |
1 |
|
|a Cesnaková, Eva
|4 aut
|9 7233
|
| 245 |
1 |
0 |
|a Literatúra pre 7. ročník základných škôl
|c Eva Cesnaková, Jolana Mazáková, Viliam Obert ; ilustrovala Naďa Rappensbergerová-Jankovičová
|
| 250 |
|
|
|a 7. vyd.
|
| 260 |
|
|
|a Bratislava
|b Slovenské pedagogické nakladateľstvo
|c 1996
|
| 300 |
|
|
|a 206 s., [22] s. čiast. fareb. obr. príl.
|b Fotogr.
|c 21 cm
|
| 500 |
|
|
|a Čiast. text čes.
|
| 650 |
0 |
7 |
|a výchova literárna
|x učebnice zákl. škôl (7. roč.)
|2 SNK
|9 575870
|
| 655 |
|
7 |
|a učebnice
|2 SNK
|9 22521
|
| 700 |
1 |
|
|a Mazáková, Jolana
|4 aut
|9 45642
|
| 700 |
1 |
|
|a Obert, Viliam,
|d 1940-2005
|4 aut
|9 103681
|
| 700 |
1 |
|
|a Rappensbergerová-Jankovičová, Naďa,
|d 1936-
|4 ill
|9 113130
|
| 919 |
|
|
|a 80-08-01959-X
|
| 958 |
|
|
|a OND
|
| 958 |
|
|
|a TL
|
| 958 |
|
|
|a UX
|
| 958 |
|
|
|a LX
|
| 999 |
|
|
|c 883149
|d 885079
|
| 952 |
|
|
|a SNK
|b SNK
|y VYP
|7 0
|p 17A0008331
|o snkSC 91017 D1
|i snkKSP 6392/96
|0 0
|1 0
|4 0
|d 1996-08-15
|l 0
|r 2005-01-01 00:00:00
|w 2026-02-24
|
| 952 |
|
|
|t P60, <09>, [BOOK], {629}
|a SNK
|b SNK
|y NEVYP
|7 0
|o snkC 1299
|i snk2443/960729
|0 0
|1 0
|4 0
|d 1996-07-26
|l 0
|r 2005-01-01 00:00:00
|w 2026-02-24
|
| 952 |
|
|
|t P60, <03>, [BOOK], {603}
|a SNK
|b SNK
|y PREZ
|7 0
|p 17A0008332
|o snkSC 91017
|i snkKSP 6391/96
|0 0
|1 0
|4 0
|d 1996-08-15
|f 1
|l 0
|r 2025-09-09 00:00:00
|w 2026-02-24
|